| 000 | 00000nam##2200000za#4500 |
| 001 | 9.635384 |
| 003 | CaOODSP |
| 005 | 20210624220230 |
| 007 | cr ||||||||||| |
| 008 | 150407|2008||||xxc|||||o f|0| 0 fre|d |
| 020 | |a978-0-662-04026-2 |
| 040 | |aCaOODSP|bfre |
| 043 | |an-cn--- |
| 086 | 1 |aH164-83/2008F-PDF |
| 110 | 1 |aCanada. |bDirection générale des produits de santé et des aliments. |
| 245 | 10|aContinuum de la surveillance après la mise en marché : |h[ressource électronique]|bmaximiser l'innocuité, minimiser les risques |
| 260 | |aOttawa - Ontario : |bSanté Canada. |c[2008]. |
| 300 | |a1p. |
| 590 | |a12-27-Supp|b2012-06-12 |
| 691 | 07|aProduit pour les soins de santé|2gcpds |
| 775 | 08|tThe post-market surveillance continuum : |w(CaOODSP)9.691045 |
| 856 | 40|ahttp://publications.gc.ca|qPDF|s216 Ko|uhttps://publications.gc.ca/collections/collection_2012/sc-hc/H164-83-2008-fra.pdf |
| 986 | |aSC Pub. : 4778 |